Instrumentation and Measurement in Electrical Engineering. (Record no. 6957)

MARC details
000 -LEADER
fixed length control field 00500nam a22001817a 4500
003 - CONTROL NUMBER IDENTIFIER
control field OSt
005 - DATE AND TIME OF LATEST TRANSACTION
control field 20210518153521.0
008 - FIXED-LENGTH DATA ELEMENTS--GENERAL INFORMATION
fixed length control field 210518b ||||| |||| 00| 0 eng d
020 ## - INTERNATIONAL STANDARD BOOK NUMBER
International Standard Book Number 9781612335001
040 ## - CATALOGING SOURCE
Transcribing agency DDC
082 ## - DEWEY DECIMAL CLASSIFICATION NUMBER
Classification number 612.3 MAL 2011
100 ## - MAIN ENTRY--PERSONAL NAME
Personal name Malaric, Roman
9 (RLIN) 14267
245 ## - TITLE STATEMENT
Title Instrumentation and Measurement in Electrical Engineering.
260 ## - PUBLICATION, DISTRIBUTION, ETC. (IMPRINT)
Place of publication, distribution, etc. Boca Raton:
Name of publisher, distributor, etc. Brown Walker
Date of publication, distribution, etc. 2011
300 ## - PHYSICAL DESCRIPTION
Extent 245p.:
Other physical details ill;
Dimensions 31cm
650 ## - SUBJECT ADDED ENTRY--TOPICAL TERM
Topical term or geographic name as entry element Electrical Engineering.
9 (RLIN) 8319
942 ## - ADDED ENTRY ELEMENTS (KOHA)
Source of classification or shelving scheme Dewey Decimal Classification
Koha item type Book
Holdings
Withdrawn status Lost status Source of classification or shelving scheme Damaged status Not for loan Home library Current library Date acquired Source of acquisition Inventory number Total Checkouts Full call number Barcode Date last seen Price effective from Koha item type Public note
    Dewey Decimal Classification     Main Kihumuro Campus Main Kihumuro Campus 18/05/2021 Purchase 21/41427   612.3 MAL 2011 2021-0555 18/05/2021 18/05/2021 Book Material in Hard copy